| 000 | 00414nam a22001697a 4500 | ||
|---|---|---|---|
| 003 | OSt | ||
| 008 | 220614b ||||| |||| 00| 0 eng d | ||
| 020 | _a9788178001975 | ||
| 082 |
_a006.37 _bLOI |
||
| 100 | _aLOW, Adrian | ||
| 245 | _aIntroductory Computer Vision, Imaging Techniques and Solutions | ||
| 250 | _a2nd | ||
| 260 |
_aHyderabad _bBS Pub. _c2022 |
||
| 300 | _a299 | ||
| 650 | _aCSE | ||
| 942 |
_2ddc _cBK |
||
| 999 |
_c11369 _d11369 |
||